书目信息 |
| 题名: |
管理会计学
|
|
| 作者: | 谢合明 , 陈兰生 主编 | |
| 分册: | ||
| 出版信息: | 重庆 重庆大学出版社 1998.03 |
|
| 页数: | 331页 | |
| 开本: | 32开 | |
| 丛书名: | ||
| 单 册: | ||
| 中图分类: | F234.3-43 | |
| 科图分类: | ||
| 主题词: | 会计 | |
| 电子资源: | ||
| ISBN: | 7-5624-1486-6 | |
| 000 | 00591nam0 2200205 45 | |
| 001 | 0009021776 | |
| 005 | 20000902174221.3 | |
| 010 | @a7-5624-1486-6@d13.50元 | |
| 100 | @a20000902d1998 km y0chiy0120 ea | |
| 101 | 0 | @achi |
| 105 | @a z 000yy | |
| 200 | 1 | @a管理会计学@AGuan Li Kuai Ji Xue@f谢合明,陈兰生主编@FXie He Ming,Chen Lan Sheng Zhu Bian |
| 210 | @a重庆@c重庆大学出版社@d1998.03 | |
| 215 | @a331页@d32开 | |
| 606 | 0 | @a会计 |
| 690 | @aF234.3-43@v3 | |
| 701 | 0 | @a谢合明@4主编 |
| 701 | 0 | @a陈兰生@4主编 |
| 801 | @aCN@bPftUser@c20000902 | |
| 905 | @b116243-247@dF234.3-43@eX528@f5 | |
| 管理会计学/谢合明,陈兰生主编.-重庆:重庆大学出版社,1998.03 |
| 331页;32开 |
| ISBN 7-5624-1486-6:13.50元 |
| ● |
| 相关链接 |
|
|
|
正题名:管理会计学
索取号:F234.3-43/X528
 
预约/预借
| 序号 | 登录号 | 条形码 | 馆藏地/架位号 | 状态 | 备注 |
| 1 | 116243 | 201162437 | 社科库409/409社科库 77排4列4层/ [索取号:F234.3-43/X528] | 在馆 | |
| 2 | 116244 | 201162446 | 社科库409/409社科库 77排4列4层/ [索取号:F234.3-43/X528] | 在馆 | |
| 3 | 116245 | 201162455 | 社科库409/409社科库 77排4列4层/ [索取号:F234.3-43/X528] | 在馆 | |
| 4 | 116246 | 201162464 | 社科库409/ [索取号:F234.3-43/X528] | 在馆 | |
| 5 | 116247 | 201162473 | 社科库409/409社科库 77排4列4层/ [索取号:F234.3-43/X528] | 在馆 |